00510nam a22001577a 450000500170000000800410001702000150005804100130007308200150008610000480010124500680014925000180021726000630023530000280029865000260032620231106094936.0231106b |||||||| |||| 00| 0 eng d a0799311375 aEnglish  a346.5 VAN  aVan der Merwe, NJ and Rowland, CJlEnglish  aDie Suid-Afrikaanse Erfreg / cNJ Van der Merwe and CJ Rowland  aVyfde Uitgawe aPretoria : bJ.P. Van der Walt en Seun (EDMS.) Bpk, c1987 b688 pages ; c23,5 cm.  aLegal practice bLaw